000 01228nam a2200313 a 4500
001 74485
003 BD-RjUL
005 20211209082547.0
008 181007s2014 nyua b 001 0 eng
020 _a9781107010222 (hardback)
020 _a9780521279659 (paperback)
035 _a(BD-RjUL)74703
040 _aDLC
_beng
_cDLC
_dDLC
_dBD-RjUL
_erda
041 _aeng
082 0 0 _a333.7
_223
_bAND 2014
100 1 _aAnderson, Terry L.
_q(Terry Lee),
_d1946-
_9223390
245 1 0 _aEnvironmental markets :
_ba property rights approach /
_cTerry L. Anderson, Property and Environment Research Center, Gary D. Libecap, University of California, Santa Barbara.
260 _aCambridge :
_bCambridge University Press,
_cc2014.
300 _axv, 227 pages :
_billustrations ;
_c23 cm.
490 0 _aCambridge studies in economics, cognition, and society
504 _aIncludes bibliographical references and index.
650 0 _aEnvironmental economics.
_9223391
650 0 _aEnvironmental quality.
_9223392
650 0 _aRight of property
_xEnvironmental aspects.
_9223393
650 0 _aEnvironmentalism
_xEconomic aspects.
_9223394
700 1 _aLibecap, Gary D.
_9223395
942 _2ddc
_cBK
999 _c74485
_d74485